000
00307nam a22001457a 4500
008
221104b ||||| |||| 00| 0 eng d
020
_a
0500050457
041
_a
eng
080
_a
51
082
_a
51
100
_a
51
101
_a
TE NDRYSHME
245
_a
THE GREAT JOURNEY
_c
FAGAN B
942
_2
udc
_c
BK
999
_c
58749
_d
58749